[Event "Perth op-A"]
[Site "Perth"]
[Date "2023.04.22"]
[Round "2"]
[White "Emery, Keith"]
[Black "Srivastava, Aditya"]
[Result "0-1"]
[WhiteElo "1859"]
[BlackElo "1564"]
[PlyCount "104"]
[EventDate "2023.04.21"]
[EventType "swiss"]
[EventRounds "5"]
[EventCountry "SCO"]
[SourceTitle "EXT 2024"]
[Source "ChessBase"]
[SourceDate "2023.10.10"]
[SourceVersion "1"]
[SourceVersionDate "2023.10.10"]
[SourceQuality "1"]

1. e4 d6 2. Nf3 Nf6 3. Nc3 g6 4. Bc4 Bg7 5. h3 0-0 6. e5 dxe5 7. Nxe5 Qd4 8. Qe2 Nh5 9. Nf3 Qb6 10. Nd5 Qd6 11. Nxe7+ Kh8 12. Ng5 Be6 13. Bxe6 fxe6 14. Qxe6 Qxe6+ 15. Nxe6 Re8 16. Kd1 Rxe7 17. Re1 Nc6 18. Nc5 Rxe1+ 19. Kxe1 Nd4 20. Kd1 Re8 21. c3 b6 22. cxd4 bxc5 23. dxc5 Nf4 24. Rb1 Nxg2 25. d3 Re1+ 26. Kc2 Re2+ 27. Bd2 Bh6 28. Rd1 Rxf2 29. Kc3 Bg7+ 30. d4 Rf5 31. Bc1 Rxc5+ 32. Kb4 Rd5 33. Kc4 c6 34. b4 a5 35. a3 axb4 36. axb4 Nh4 37. Bb2 Nf5 38. Rd3 Kg8 39. Ra3 Rb5 40. Ra8+ Bf8 41. Bc3 Ne3+ 42. Kb3 Nd5 43. Bd2 Nxb4 44. Rxf8+ Kxf8 45. Bxb4+ Kf7 46. h4 Rh5 47. Be1 Ke6 48. Kc4 g5 49. hxg5 Rxg5 50. Kd3 Kd5 51. Bf2 Rg4 52. Ke2 Rxd4 0-1

[Event "Dundee Allegro op"]
[Site "Dundee"]
[Date "2023.03.05"]
[Round "3"]
[White "Brennan, J Ross"]
[Black "Emery, Keith"]
[Result "1-0"]
[WhiteElo "1480"]
[BlackElo "1689"]
[PlyCount "134"]
[EventDate "2023.03.05"]
[EventType "swiss"]
[EventRounds "5"]
[EventCountry "SCO"]
[SourceTitle "CBM 213 Extra"]
[Source "ChessBase"]
[SourceDate "2023.05.31"]
[SourceVersion "1"]
[SourceVersionDate "2023.05.31"]
[SourceQuality "1"]

1. d4 Nf6 2. Bg5 g6 3. Bxf6 exf6 4. e3 Bg7 5. g3 d5 6. Bg2 c6 7. Ne2 0-0 8. 0-0 Bf5 9. Nd2 Qd7 10. c4 dxc4 11. Nxc4 Bh3 12. Bxh3 Qxh3 13. Nf4 Qd7 14. Rc1 Na6 15. Qf3 Nc7 16. Rfd1 Ne6 17. Nd2 f5 18. Nd3 Ng5 19. Qg2 Rfe8 20. Nc5 Qc7 21. h4 Ne6 22. Rc2 Nxc5 23. Rxc5 Bf8 24. Rc2 Qa5 25. a3 Rad8 26. Rdc1 Qd5 27. Qxd5 Rxd5 28. Nf3 f6 29. Kg2 h6 30. Ne1 g5 31. hxg5 hxg5 32. Nd3 f4 33. gxf4 gxf4 34. Nxf4 Rg5+ 35. Kf3 Re7 36. Rh1 Rf5 37. Rg1+ Kf7 38. Rg4 Bh6 39. Rc1 Rd7 40. Rh1 Bxf4 41. Rxf4 Rxf4+ 42. Kxf4 Ke6 43. Rh5 Rg7 44. Kf3 Rg1 45. Rh7 b6 46. Rxa7 Rb1 47. b4 Kd5 48. Ra6 b5 49. Kf4 Rb2 50. f3 Rb3 51. e4+ Kxd4 52. Rxc6 Rxa3 53. Rxf6 Kc4 54. e5 Kxb4 55. e6 Ra8 56. e7 Re8 57. Re6 Kc5 58. Ke5 b4 59. Kf6 b3 60. Re1 b2 61. Kf7 Rb8 62. Rb1 Kc4 63. e8Q Rxe8 64. Kxe8 Kc3 65. f4 Kc2 66. Rg1 b1Q 67. Rxb1 Kd3 1-0

[Event "Edinburgh Park op"]
[Site "Edinburgh"]
[Date "2023.03.04"]
[Round "5"]
[White "Fallman, Jonathan C"]
[Black "Emery, Keith"]
[Result "0-1"]
[WhiteElo "1522"]
[BlackElo "1689"]
[PlyCount "52"]
[EventDate "2023.03.04"]
[EventType "swiss"]
[EventRounds "5"]
[EventCountry "SCO"]
[SourceTitle "CBM 213 Extra"]
[Source "ChessBase"]
[SourceDate "2023.05.31"]
[SourceVersion "1"]
[SourceVersionDate "2023.05.31"]
[SourceQuality "1"]

1. e4 Nf6 2. e5 Nd5 3. c4 Nb6 4. d4 d6 5. f4 Bf5 6. Nf3 h6 7. Nc3 e6 8. Be3 d5 9. Be2 dxc4 10. Bxc4 Nxc4 11. Qa4+ Qd7 12. Qxc4 Qc6 13. Qe2 Bb4 14. Rc1 Bg4 15. 0-0 Bxf3 16. Rxf3 Bxc3 17. bxc3 Nd7 18. f5 0-0-0 19. c4 f6 20. d5 exd5 21. cxd5 Qxd5 22. Bxa7 Nxe5 23. Rfc3 Nc6 24. Bc5 Rhe8 25. Qg4 Qd2 26. R3c2 Re1+ 0-1

[Event "SCO-ch 124th"]
[Site "Dundee"]
[Date "2017.07.21"]
[Round "7"]
[White "Doyle, James J"]
[Black "Emery, Keith"]
[Result "1-0"]
[WhiteElo "1850"]
[BlackElo "1898"]
[PlyCount "61"]
[EventDate "2017.07.15"]
[EventType "swiss"]
[EventRounds "9"]
[EventCountry "SCO"]
[SourceTitle "CBM 179 Extra"]
[Source "ChessBase"]
[SourceDate "2017.08.23"]
[SourceVersion "1"]
[SourceVersionDate "2017.08.23"]
[SourceQuality "1"]

1. e4 Nf6 2. e5 Nd5 3. Bc4 e6 4. d4 Nb6 5. Bd3 Nc6 6. c3 d6 7. f4 Be7 8. Nf3 f6 9. exf6 Bxf6 10. Qc2 g6 11. h4 Ne7 12. Nbd2 Nbd5 13. Ne4 Nf5 14. Qf2 Bd7 15. g4 Ng7 16. Bd2 Be7 17. c4 Nf6 18. Nxf6+ Bxf6 19. g5 Be7 20. 0-0-0 Bc6 21. d5 exd5 22. Qd4 0-0 23. cxd5 Bd7 24. Bc3 Rf7 25. h5 c5 26. dxc6 bxc6 27. hxg6 Qf8 28. gxf7+ Kxf7 29. Rxh7 c5 30. Rxg7+ Qxg7 31. Qxg7+ 1-0

[Event "SCO-ch 124th"]
[Site "Dundee"]
[Date "2017.07.20"]
[Round "6"]
[White "Emery, Keith"]
[Black "Grant, Jonathan"]
[Result "0-1"]
[WhiteElo "1898"]
[BlackElo "2187"]
[PlyCount "88"]
[EventDate "2017.07.15"]
[EventType "swiss"]
[EventRounds "9"]
[EventCountry "SCO"]
[SourceTitle "CBM 179 Extra"]
[Source "ChessBase"]
[SourceDate "2017.08.23"]
[SourceVersion "1"]
[SourceVersionDate "2017.08.23"]
[SourceQuality "1"]

1. e4 c6 2. Nf3 d5 3. exd5 cxd5 4. d4 Nf6 5. Bb5+ Nbd7 6. Ne5 a6 7. Nxd7 Bxd7 8. Bxd7+ Qxd7 9. c3 e6 10. 0-0 Bd6 11. Nd2 0-0 12. Re1 b5 13. a3 a5 14. Nf3 b4 15. axb4 axb4 16. Bd2 bxc3 17. bxc3 Ne4 18. c4 Rxa1 19. Qxa1 Nxd2 20. Nxd2 Bb4 21. Qa2 dxc4 22. Rb1 Bxd2 23. Qxd2 Rc8 24. Qc3 Qd5 25. f3 h5 26. Re1 Rd8 27. Re4 g6 28. Kf2 Qb5 29. Ke3 Rb8 30. Kf4 Qb2 31. Qxc4 Qxg2 32. Qe2 Qh3 33. d5 Qh4+ 34. Ke3 Rb3+ 35. Kd4 Qf6+ 36. Re5 exd5 37. Kxd5 Rxf3 38. Re8+ Kg7 39. Qe7 Rd3+ 40. Kc5 Qd4+ 41. Kb5 Qd5+ 42. Ka6 Qc6+ 43. Ka5 Rd5+ 44. Kb4 Rb5+ 0-1

[Event "SCO-ch 124th"]
[Site "Dundee"]
[Date "2017.07.17"]
[Round "3"]
[White "Storey, Charles"]
[Black "Emery, Keith"]
[Result "1-0"]
[WhiteElo "2214"]
[BlackElo "1898"]
[PlyCount "35"]
[EventDate "2017.07.15"]
[EventType "swiss"]
[EventRounds "9"]
[EventCountry "SCO"]
[SourceTitle "CBM 179 Extra"]
[Source "ChessBase"]
[SourceDate "2017.08.23"]
[SourceVersion "1"]
[SourceVersionDate "2017.08.23"]
[SourceQuality "1"]

1. d4 Nf6 2. Bg5 g6 3. Nc3 Bg7 4. e4 d6 5. f3 0-0 6. Qd2 Nbd7 7. h4 Nh5 8. Nge2 Bh8 9. g4 Ng7 10. h5 Ne6 11. Bh6 Ng7 12. Ng3 c5 13. hxg6 fxg6 14. Bc4+ e6 15. Bxg7 Bxg7 16. Bxe6+ Kh8 17. g5 cxd4 18. Rxh7+ 1-0

[Event "BCF-ch Seniors 50"]
[Site "Bournemouth"]
[Date "2016.08.02"]
[Round "4"]
[White "Emery, Keith"]
[Black "Horlock, Peter J"]
[Result "1-0"]
[WhiteElo "1897"]
[BlackElo "1604"]
[PlyCount "55"]
[EventDate "2016.07.30"]
[EventType "swiss"]
[EventRounds "7"]
[EventCountry "ENG"]
[SourceTitle "CBM 173 Extra"]
[Source "ChessBase"]
[SourceDate "2016.08.29"]
[SourceVersion "1"]
[SourceVersionDate "2016.08.29"]
[SourceQuality "1"]

1. e4 e5 2. Nf3 Nc6 3. Bc4 Be7 4. Nc3 Nf6 5. d3 h6 6. Be3 d6 7. h3 a6 8. a3 0-0 9. Qd2 b5 10. Ba2 Bd7 11. g4 Nd4 12. Bxd4 exd4 13. Nxd4 c5 14. Nf5 Bxf5 15. gxf5 Nh5 16. Qe2 Nf4 17. Qg4 b4 18. axb4 cxb4 19. Na4 Qc7 20. Qxf4 Bg5 21. Qg4 Qxc2 22. f4 b3 23. fxg5 bxa2 24. gxh6 g6 25. fxg6 f5 26. Qd1 Qg2 27. Qb3+ Kh8 28. Qc3+ 1-0

[Event "GBR-ch 100th"]
[Site "Torquay"]
[Date "2013.08.02"]
[Round "5"]
[White "Emery, Keith"]
[Black "Brusey, Alan W"]
[Result "1-0"]
[WhiteElo "1906"]
[BlackElo "2020"]
[PlyCount "149"]
[EventDate "2013.07.29"]
[EventType "swiss"]
[EventRounds "11"]
[EventCountry "ENG"]
[SourceTitle "CBM 155 Extra"]
[Source "ChessBase"]
[SourceDate "2013.08.26"]
[SourceVersion "1"]
[SourceVersionDate "2013.08.26"]
[SourceQuality "1"]

1. e4 e6 2. Nf3 d5 3. exd5 exd5 4. d4 Nc6 5. h3 Bd6 6. Bd3 Nge7 7. c3 h6 8. Be3 Bf5 9. 0-0 Bxd3 10. Qxd3 Qd7 11. Nbd2 f5 12. Nb3 f4 13. Bd2 g5 14. Rae1 g4 15. Qg6+ Kd8 16. Qxg4 Qxg4 17. hxg4 b6 18. Ne5 Bxe5 19. dxe5 Ng6 20. e6 Nce5 21. Bxf4 Nd3 22. e7+ Kd7 23. e8Q+ Raxe8 24. Rxe8 Rxe8 25. Bxh6 Nxb2 26. Bc1 Nc4 27. f4 Re2 28. Rf2 Re1+ 29. Kh2 a5 30. g5 a4 31. Nd2 Rxc1 32. Nxc4 dxc4 33. f5 Ne5 34. Re2 Nf7 35. g6 Nh6 36. g7 Rxc3 37. Re4 b5 38. f6 Rc2 39. f7 Nxf7 40. g8Q Nd6 41. Rd4 Rxa2 42. Qd5 Rb2 43. Rd2 c3 44. Qf5+ Kc6 45. Qf3+ Kb6 46. Qe3+ Kb7 47. Qxc3 Rb3 48. Qc2 Nc4 49. Rd3 Rb2 50. Qc1 Re2 51. Rc3 Kb6 52. Rxc4 bxc4 53. Qxc4 Re5 54. Qxa4 c5 55. g4 Rd5 56. Kg3 Rd4 57. Qb3+ Kc6 58. Qe6+ Rd6 59. Qe4+ Kb5 60. Kf3 c4 61. Qe5+ Kc6 62. g5 Kd7 63. Qb5+ Rc6 64. Qd5+ Kc7 65. Ke2 c3 66. Qe5+ Kd7 67. Qf5+ Ke7 68. Qc2 Kf7 69. Kf3 Kg7 70. Kg4 Rc4+ 71. Kh5 Rc6 72. Qf5 Kh8 73. Qf8+ Kh7 74. Qf7+ Kh8 75. Qe8+ 1-0

[Event "SCO-ch 119th"]
[Site "Glasgow"]
[Date "2012.07.14"]
[Round "9"]
[White "Emery, Keith"]
[Black "Robertson, Jim"]
[Result "1-0"]
[WhiteElo "1955"]
[BlackElo "1696"]
[PlyCount "117"]
[EventDate "2012.07.07"]
[EventType "swiss"]
[EventRounds "9"]
[EventCountry "SCO"]
[SourceTitle "EXT 2023"]
[Source "ChessBase"]
[SourceDate "2022.10.05"]
[SourceVersion "1"]
[SourceVersionDate "2022.10.05"]
[SourceQuality "1"]

1. e4 c6 2. Nf3 d5 3. exd5 cxd5 4. d4 Nc6 5. c3 Qc7 6. Bb5 Bf5 7. Ne5 a6 8. Qa4 Rc8 9. Bxc6+ bxc6 10. Qxa6 f6 11. Nd3 e5 12. dxe5 fxe5 13. 0-0 Bd6 14. Ne1 Nf6 15. Qe2 0-0 16. h3 Bxb1 17. Rxb1 Bc5 18. Nd3 Bb6 19. Qxe5 Qa7 20. Be3 Rce8 21. Bxb6 Qxb6 22. Qd4 Qa6 23. Nb4 Qc8 24. Qd3 Ne4 25. f3 Ng5 26. Qd2 Re5 27. Nd3 Ref5 28. f4 Ne4 29. Qe3 g5 30. g4 gxf4 31. Rxf4 Rxf4 32. Nxf4 Qb8 33. Nd3 Ng3 34. Re1 Ne4 35. Rf1 Rxf1+ 36. Kxf1 Qh2 37. Ke1 Qh1+ 38. Ke2 Qg2+ 39. Kd1 Qf1+ 40. Kc2 Qg2+ 41. Kb3 Qf1 42. Ka3 Qf8+ 43. b4 Qa8+ 44. Kb2 Qf8 45. Qf4 Qe7 46. Qb8+ Kg7 47. Qe5+ Qf6 48. a4 Nd6 49. g5 Nc4+ 50. Kc1 Qxe5 51. Nxe5 Nxe5 52. a5 Nd7 53. a6 Nb6 54. Kd2 Kg6 55. Kd3 Kxg5 56. Kd4 Kh4 57. Kc5 Nc8 58. Kxc6 Kxh3 59. b5 1-0

[Event "Dundee & Angus Congress Major"]
[Site "Dundee"]
[Date "2011.10.14"]
[Round "1"]
[White "Flood, Raymond"]
[Black "Emery, Keith"]
[Result "0-1"]
[WhiteElo "1471"]
[BlackElo "1704"]
[PlyCount "88"]
[EventDate "2011.10.14"]
[EventType "swiss"]
[EventRounds "5"]
[EventCountry "SCO"]
[SourceTitle "EXT 2023"]
[Source "ChessBase"]
[SourceDate "2022.10.05"]
[SourceVersion "1"]
[SourceVersionDate "2022.10.05"]
[SourceQuality "1"]

1. e4 Nf6 2. Bc4 Nc6 3. d4 Nxe4 4. Bxf7+ Kxf7 5. Qh5+ g6 6. Qd5+ e6 7. Qxe4 Qf6 8. Nf3 Bg7 9. Bg5 Qf5 10. Qxf5+ gxf5 11. c3 Rg8 12. Nbd2 b6 13. 0-0-0 Bf8 14. Rhe1 h6 15. Bf4 Rxg2 16. Bg3 Be7 17. Nf1 f4 18. Bxf4 Rxf2 19. Ne5+ Nxe5 20. Bxe5 Bg5+ 21. Kb1 Bf4 22. Bxf4 Rxf4 23. Ng3 Ba6 24. d5 Re8 25. dxe6+ dxe6 26. Re5 Rf3 27. Rd7+ Re7 28. Rxe7+ Kxe7 29. Rh5 Rf6 30. Kc2 Bb7 31. Kd3 Kf7 32. Ne4 Rf3+ 33. Kd4 Rf4 34. Re5 Rxe4+ 35. Rxe4 Bxe4 36. Kxe4 Kf6 37. h4 c6 38. c4 a5 39. a3 a4 40. Kf4 h5 41. Ke4 e5 42. Ke3 Kf5 43. Kf3 e4+ 44. Ke3 Ke5 0-1

[Event "Edinburgh op"]
[Site "Edinburgh"]
[Date "2011.04.03"]
[Round "5"]
[White "Robinson, Stephen"]
[Black "Emery, Keith"]
[Result "1/2-1/2"]
[WhiteElo "1683"]
[BlackElo "2006"]
[PlyCount "92"]
[EventDate "2011.04.01"]
[EventType "swiss"]
[EventRounds "5"]
[EventCountry "SCO"]
[SourceTitle "EXT 2013"]
[Source "ChessBase"]
[SourceDate "2012.11.22"]
[SourceVersion "1"]
[SourceVersionDate "2012.11.22"]
[SourceQuality "1"]

1. g3 g6 2. Nf3 Bg7 3. d4 Nf6 4. c4 0-0 5. Bg2 d6 6. Nc3 Nbd7 7. Bg5 e5 8. Qd2 Re8 9. 0-0-0 exd4 10. Nxd4 Nc5 11. h4 h5 12. Qf4 Ne6 13. Nxe6 Rxe6 14. Bd5 Re5 15. Ne4 Rf5 16. Qd2 Qe8 17. f3 Nxd5 18. cxd5 Re5 19. Bf6 Rxe4 20. Bxg7 Rc4+ 21. Bc3 Qe5 22. Kb1 Qf5+ 23. Ka1 f6 24. Qh6 Rxc3 25. bxc3 Bd7 26. Rhf1 Be8 27. Qd2 Bb5 28. e4 Qe5 29. Rg1 c5 30. Rde1 Bc4 31. f4 Qe8 32. g4 hxg4 33. Rxg4 Kf7 34. Qg2 Bxd5 35. Rxg6 Bxa2 36. Rg7+ Kf8 37. Rxb7 Bf7 38. e5 Qa4+ 39. Kb1 fxe5 40. Rxf7+ Kxf7 41. Qb7+ Ke6 42. f5+ Kf6 43. Qxa8 Qb3+ 44. Kc1 Qxc3+ 45. Kd1 Qd3+ 46. Kc1 Qc3+ 1/2-1/2

[Event "SCO-ch"]
[Site "Hamilton"]
[Date "2010.07.12"]
[Round "3"]
[White "Campbell, Eoin S"]
[Black "Emery, Keith"]
[Result "1-0"]
[WhiteElo "1915"]
[BlackElo "2068"]
[PlyCount "43"]
[EventDate "2010.07.11"]
[EventType "swiss"]
[EventRounds "9"]
[EventCountry "SCO"]
[SourceTitle "EXT 2023"]
[Source "ChessBase"]
[SourceDate "2022.10.05"]
[SourceVersion "1"]
[SourceVersionDate "2022.10.05"]
[SourceQuality "1"]

1. Nf3 g6 2. e4 Bg7 3. d4 d6 4. Nc3 Bg4 5. Be2 Nd7 6. 0-0 e5 7. Be3 Ne7 8. Qd2 Bxf3 9. Bxf3 0-0 10. Rad1 Nb6 11. Be2 f5 12. dxe5 Bxe5 13. Bg5 Bf6 14. Bxf6 Rxf6 15. exf5 Rxf5 16. Bg4 Re5 17. f4 Rc5 18. Be6+ Kg7 19. Qd4+ Kh6 20. g4 Nc6 21. g5+ Kh5 22. Qe3 1-0

[Event "SCO-ch"]
[Site "Hamilton"]
[Date "2010.07.11"]
[Round "1"]
[White "Emery, Keith"]
[Black "McNab, Colin Anderson"]
[Result "0-1"]
[WhiteElo "2028"]
[BlackElo "2463"]
[PlyCount "68"]
[EventDate "2010.07.11"]
[EventType "swiss"]
[EventRounds "9"]
[EventCountry "SCO"]
[SourceTitle "CBM 137 Extra"]
[Source "ChessBase"]
[SourceDate "2010.09.01"]
[SourceVersion "1"]
[SourceVersionDate "2010.09.01"]
[SourceQuality "1"]

1. e4 g6 2. Nf3 Bg7 3. d4 d6 4. Be3 Nf6 5. e5 Ng4 6. exd6 Nxe3 7. fxe3 Qxd6 8. c3 0-0 9. e4 c5 10. e5 Qb6 11. Qe2 cxd4 12. cxd4 Nc6 13. d5 Nd4 14. Nxd4 Qxd4 15. Nc3 Bg4 16. Qe4 Qxe4+ 17. Nxe4 Bxe5 18. Be2 Bxe2 19. Kxe2 Rac8 20. Rhd1 Rc2+ 21. Rd2 Rxd2+ 22. Nxd2 Rd8 23. Nf3 Rxd5 24. Rb1 Bd6 25. b3 Kg7 26. h3 f5 27. Ng5 Re5+ 28. Kd3 h6 29. Nf3 Rd5+ 30. Kc4 Rc5+ 31. Kd3 b5 32. Re1 e5 33. Nd2 Rd5+ 34. Kc3 Rxd2 0-1